| 000 | 00380nam a22001097a 4500 | ||
|---|---|---|---|
| 082 |
_a345.54052 _bKAM |
||
| 100 | _aKamboh, Asghar Ali | ||
| 245 |
_aForensic Science in Criminal Investigation & Criminal Trial: _bthe art and the science / _cAsghar Ali Kamboh & B.R. Sharma |
||
| 260 |
_aLahore : _bIrfan Law Book House, _c2017. |
||
| 300 |
_a854 p. ; _c24 cm. |
||
| 942 |
_2ddc _cBK |
||
| 999 |
_c592344 _d592344 |
||